000
00322nam a2200133Ia 4500
005
20251222144838.0
008
251222s9999||||xx |||||||||||||| ||spa||
020
_a
88-7610-998-6
082
_a
246.45/B41S
100
_a
Bellini, Carlo
245
0
_a
Se questo non é un uomo... Il feto:
264
_b
Ancora
942
_c
LIB
999
_c
21133
_d
21133